[Event "RUS-chT2"]
[Site "Sochi"]
[Date "2016.05.07"]
[Round "6.1"]
[White "Khalifman, Alexander"]
[Black "Khismatullin, Denis Rimovich"]
[Result "1/2-1/2"]
[WhiteElo "2614"]
[BlackElo "2609"]
[PlyCount "24"]
[EventDate "2016.05.01"]
[EventType "team-swiss"]
[EventRounds "9"]
[EventCountry "RUS"]
[SourceTitle "CBM 172 Extra"]
[Source "ChessBase"]
[SourceDate "2016.06.21"]
[SourceVersion "1"]
[SourceVersionDate "2016.06.21"]
[SourceQuality "1"]
[WhiteTeam "St Petersburg Peter's Boat"]
[BlackTeam "Tolyatti Bulbasaur"]
[WhiteTeamCountry "RUS"]
[BlackTeamCountry "RUS"]

1. d4 Nf6 2. c4 e6 3. Nf3 d5 4. g3 Bb4+ 5. Bd2 Be7 6. Bg2 O-O 7. O-O c6 8. Qc2
Nbd7 9. Bf4 Nh5 10. Bc1 Nhf6 11. Bf4 Nh5 12. Bc1 Nhf6 1/2-1/2

[Event "RUS-chT2"]
[Site "Sochi"]
[Date "2016.05.08"]
[Round "7.1"]
[White "Ponkratov, Pavel"]
[Black "Khalifman, Alexander"]
[Result "0-1"]
[WhiteElo "2595"]
[BlackElo "2614"]
[PlyCount "95"]
[EventDate "2016.05.01"]
[EventType "team-swiss"]
[EventRounds "9"]
[EventCountry "RUS"]
[SourceTitle "CBM 172 Extra"]
[Source "ChessBase"]
[SourceDate "2016.06.21"]
[SourceVersion "1"]
[SourceVersionDate "2016.06.21"]
[SourceQuality "1"]
[WhiteTeam "Yekaterinburg Malachite"]
[BlackTeam "St Petersburg Peter's Boat"]
[WhiteTeamCountry "RUS"]
[BlackTeamCountry "RUS"]

1. d4 d5 2. c4 c6 3. Nf3 Nf6 4. e3 Bf5 5. Nc3 e6 6. Nh4 Bg6 7. Nxg6 hxg6 8. Bd3
Nbd7 9. O-O Bd6 10. h3 O-O 11. Bd2 Qe7 12. Re1 a6 13. cxd5 cxd5 14. Rc1 Rfc8
15. Qb3 Rab8 16. e4 dxe4 17. Nxe4 Rxc1 18. Bxc1 Nxe4 19. Bxe4 Nf6 20. Bf3 Qd7
21. g3 b5 22. d5 Nxd5 23. Bxd5 exd5 24. Qxd5 Rd8 25. Rd1 Qxh3 26. Qc6 Qg4 27.
Rxd6 Rc8 28. Qd5 Rxc1+ 29. Kg2 Qe2 30. Qa8+ Kh7 31. Rd8 Qf1+ 32. Kf3 Qh1+ 33.
Ke3 Qe1+ 34. Kf3 Qh1+ 35. Ke3 Re1+ 36. Kd2 Rd1+ 37. Kc2 Qxa8 38. Rxa8 Rd6 39.
Kc3 g5 40. b3 g4 41. Kb4 Rf6 42. a3 g5 43. Ra7 Kg7 44. Ra8 Rxf2 45. Rxa6 f5 46.
Rb6 f4 47. Rxb5 Kg6 48. Rb6+ 0-1

[Event "RUS-chT2"]
[Site "Sochi"]
[Date "2016.05.10"]
[Round "9.1"]
[White "Khalifman, Alexander"]
[Black "Eliseev, Urii"]
[Result "1/2-1/2"]
[WhiteElo "2614"]
[BlackElo "2606"]
[PlyCount "142"]
[EventDate "2016.05.01"]
[EventType "team-swiss"]
[EventRounds "9"]
[EventCountry "RUS"]
[SourceTitle "CBM 172 Extra"]
[Source "ChessBase"]
[SourceDate "2016.06.21"]
[SourceVersion "1"]
[SourceVersionDate "2016.06.21"]
[SourceQuality "1"]
[WhiteTeam "St Petersburg Peter's Boat"]
[BlackTeam "Moscow SergArk"]
[WhiteTeamCountry "RUS"]
[BlackTeamCountry "RUS"]

1. d4 Nf6 2. c4 g6 3. Nc3 Bg7 4. e4 O-O 5. Nf3 d6 6. Be2 e5 7. O-O Nc6 8. d5
Ne7 9. Ne1 Nd7 10. Nd3 f5 11. Bd2 Nf6 12. f3 f4 13. g4 h5 14. g5 Nh7 15. h4
Nxg5 16. hxg5 Nf5 17. Rf2 Ng3 18. Rg2 Bh3 19. Rh2 Bd7 20. Nf2 Qxg5 21. Rg2
Nxe2+ 22. Qxe2 Qf6 23. Rh2 Kf7 24. Kg2 Qg5+ 25. Kh1 Qe7 26. c5 dxc5 27. Qc4
Rfc8 28. Rg1 Bf6 29. d6+ Be6 30. dxe7 Bxc4 31. b3 Ba6 32. Nd5 Be2 33. Kg2 Bh8
34. Nh3 c6 35. Ng5+ Ke8 36. Nc3 Ba6 37. Ne6 b6 38. Nf8 Kf7 39. Kh1 Rxf8 40.
exf8=Q+ Rxf8 41. Be1 Bf6 42. Rd2 Rd8 43. Rxd8 Bxd8 44. Kg2 g5 45. Rh1 Kg6 46.
Na4 g4 47. Bh4 Bxh4 48. Rxh4 Be2 49. fxg4 hxg4 50. Nc3 Bf3+ 51. Kg1 b5 52. Rh8
g3 53. Re8 b4 54. Nb1 Bxe4 55. Nd2 Bd5 56. Rxe5 Kf6 57. Rh5 Kg6 58. Rh8 Kf5 59.
Rf8+ Ke5 60. Kf1 Kd4 61. Ke2 Kc3 62. Rxf4 g2 63. Rg4 a5 64. Kd1 Kb2 65. Rg7
Kxa2 66. Kc2 a4 67. bxa4 c4 68. Nxc4 Bxc4 69. Rxg2 Ka3 70. a5 Ka4 71. Rg5 Bb5
1/2-1/2

[Event "Liepajas Rokade"]
[Site "Liepaja"]
[Date "2016.08.06"]
[Round "2"]
[White "Giorgadze, Giorgi"]
[Black "Khalifman, Alexander"]
[Result "1/2-1/2"]
[WhiteElo "2584"]
[BlackElo "2617"]
[PlyCount "20"]
[EventDate "2016.08.06"]
[EventType "tourn (rapid)"]
[EventRounds "7"]
[EventCountry "LAT"]
[EventCategory "15"]
[SourceTitle "CBM 173 Extra"]
[Source "ChessBase"]
[SourceDate "2016.08.29"]
[SourceVersion "1"]
[SourceVersionDate "2016.08.29"]
[SourceQuality "1"]

1. Nf3 Nf6 2. g3 g6 3. Bg2 Bg7 4. O-O O-O 5. d4 d5 6. Nbd2 c6 7. c4 Bf5 8. b3
Ne4 9. Bb2 Nxd2 10. Qxd2 Be4 1/2-1/2

[Event "Liepajas Rokade"]
[Site "Liepaja"]
[Date "2016.08.06"]
[Round "4"]
[White "Khalifman, Alexander"]
[Black "Neiksans, Arturs"]
[Result "1/2-1/2"]
[WhiteElo "2617"]
[BlackElo "2620"]
[PlyCount "20"]
[EventDate "2016.08.06"]
[EventType "tourn (rapid)"]
[EventRounds "7"]
[EventCountry "LAT"]
[EventCategory "15"]
[SourceTitle "CBM 173 Extra"]
[Source "ChessBase"]
[SourceDate "2016.08.29"]
[SourceVersion "1"]
[SourceVersionDate "2016.08.29"]
[SourceQuality "1"]

1. Nf3 Nf6 2. c4 e6 3. g3 b6 4. Bg2 Bb7 5. d4 Be7 6. O-O O-O 7. Nc3 Ne4 8. Qc2
Nxc3 9. Qxc3 f5 10. Rd1 Bf6 1/2-1/2

[Event "Liepajas Rokade"]
[Site "Liepaja"]
[Date "2016.08.07"]
[Round "6"]
[White "Khalifman, Alexander"]
[Black "Kovalenko, Igor"]
[Result "1/2-1/2"]
[WhiteElo "2617"]
[BlackElo "2664"]
[PlyCount "39"]
[EventDate "2016.08.06"]
[EventType "tourn (rapid)"]
[EventRounds "7"]
[EventCountry "LAT"]
[EventCategory "15"]
[SourceTitle "CBM 173 Extra"]
[Source "ChessBase"]
[SourceDate "2016.08.29"]
[SourceVersion "1"]
[SourceVersionDate "2016.08.29"]
[SourceQuality "1"]

1. d4 Nf6 2. c4 g6 3. Nc3 Bg7 4. e4 d6 5. Nf3 O-O 6. Be2 e5 7. O-O Nc6 8. dxe5
dxe5 9. Bg5 Qxd1 10. Rfxd1 Bg4 11. Kf1 Bxf3 12. Bxf3 h6 13. Be3 Rfc8 14. Nd5 h5
15. h3 Kf8 16. g4 hxg4 17. hxg4 Nxd5 18. exd5 Nd4 19. Be4 Re8 20. Kg2 1/2-1/2

[Event "St Petersburg rapid"]
[Site "St Petersburg"]
[Date "2016.08.27"]
[Round "5"]
[White "Khalifman, Alexander"]
[Black "Triapishko, Alexandr"]
[Result "1/2-1/2"]
[WhiteElo "2617"]
[BlackElo "2466"]
[PlyCount "58"]
[EventDate "2016.08.27"]
[EventType "swiss (rapid)"]
[EventRounds "11"]
[EventCountry "RUS"]
[SourceTitle "CBM 174 Extra"]
[Source "ChessBase"]
[SourceDate "2016.10.10"]
[SourceVersion "1"]
[SourceVersionDate "2016.10.10"]
[SourceQuality "1"]

1. d4 Nf6 2. c4 g6 3. Nc3 d5 4. cxd5 Nxd5 5. e4 Nxc3 6. bxc3 Bg7 7. Nf3 c5 8.
Rb1 O-O 9. Be2 cxd4 10. cxd4 Qa5+ 11. Qd2 Qxd2+ 12. Bxd2 b6 13. O-O e6 14. Rbc1
Bb7 15. Rc7 Ba6 16. Bxa6 Nxa6 17. Rc4 Rfc8 18. Rfc1 Rxc4 19. Rxc4 Bf8 20. a4 f6
21. Kf1 Kf7 22. g4 Ke7 23. g5 f5 24. Ke2 fxe4 25. Ne5 Kd6 26. Ng4 Kd5 27. Ne3+
Kd6 28. Ng4 Kd5 29. Rc2 Bg7 1/2-1/2

[Event "St Petersburg rapid"]
[Site "St Petersburg"]
[Date "2016.08.28"]
[Round "11"]
[White "Khalifman, Alexander"]
[Black "Apryshko, Gleb"]
[Result "1/2-1/2"]
[WhiteElo "2617"]
[BlackElo "2335"]
[PlyCount "45"]
[EventDate "2016.08.27"]
[EventType "swiss (rapid)"]
[EventRounds "11"]
[EventCountry "RUS"]
[SourceTitle "CBM 174 Extra"]
[Source "ChessBase"]
[SourceDate "2016.10.10"]
[SourceVersion "1"]
[SourceVersionDate "2016.10.10"]
[SourceQuality "1"]

1. d4 g6 2. Nf3 d6 3. g3 Nf6 4. Bg2 Bg7 5. O-O O-O 6. c4 Nbd7 7. Nc3 e5 8. e4
c6 9. h3 Qa5 10. Be3 exd4 11. Bxd4 Re8 12. Re1 a6 13. Qc2 c5 14. Be3 b5 15. Bf4
b4 16. Nd5 Nxd5 17. exd5 Rxe1+ 18. Rxe1 Bf8 19. b3 Nf6 20. g4 Bd7 21. Ng5 Re8
22. Rxe8 Bxe8 23. Ne4 1/2-1/2

[Event "Chigorin Memorial 24th"]
[Site "St Petersburg"]
[Date "2016.10.15"]
[Round "1"]
[White "Ungurs, Edgars"]
[Black "Khalifman, Alexander"]
[Result "0-1"]
[WhiteElo "2140"]
[BlackElo "2617"]
[PlyCount "72"]
[EventDate "2016.10.15"]
[EventType "swiss"]
[EventRounds "9"]
[EventCountry "RUS"]
[SourceTitle "CBM 175 Extra"]
[Source "ChessBase"]
[SourceDate "2016.12.12"]
[SourceVersion "1"]
[SourceVersionDate "2016.12.12"]
[SourceQuality "1"]

1. e4 g6 2. d4 Bg7 3. c3 d6 4. Bd3 Nf6 5. Nf3 O-O 6. O-O c5 7. dxc5 dxc5 8. a4
Nc6 9. Na3 Be6 10. Ng5 Bg4 11. f3 Bc8 12. f4 e5 13. f5 h6 14. Nh3 gxf5 15. exf5
e4 16. Be2 Qxd1 17. Bxd1 Ne5 18. Be2 b6 19. Nf4 Re8 20. Nb5 Rd8 21. a5 Bb7 22.
axb6 axb6 23. Rxa8 Bxa8 24. Nh5 Nxh5 25. Bxh5 Bc6 26. Na7 Be8 27. f6 Bf8 28.
Bf4 Nd3 29. Bc7 Ra8 30. Bxb6 Rb8 31. Ba5 c4 32. Bb4 Nxb4 33. cxb4 Rxb4 34. Nc8
Bc5+ 35. Kh1 Rxb2 36. h3 c3 0-1

[Event "Chigorin Memorial 24th"]
[Site "St Petersburg"]
[Date "2016.10.16"]
[Round "2"]
[White "Khalifman, Alexander"]
[Black "Yeletsky, Ivan"]
[Result "1-0"]
[WhiteElo "2617"]
[BlackElo "2340"]
[PlyCount "145"]
[EventDate "2016.10.15"]
[EventType "swiss"]
[EventRounds "9"]
[EventCountry "RUS"]
[SourceTitle "CBM 175 Extra"]
[Source "ChessBase"]
[SourceDate "2016.12.12"]
[SourceVersion "1"]
[SourceVersionDate "2016.12.12"]
[SourceQuality "1"]

1. Nf3 Nf6 2. c4 g6 3. g3 Bg7 4. Bg2 d5 5. O-O Nc6 6. cxd5 Nxd5 7. Nc3 Nb6 8.
d3 O-O 9. Be3 h6 10. Qc1 Kh7 11. d4 Bg4 12. Rd1 Qc8 13. d5 Na5 14. Bd4 Nac4 15.
Bxg7 Kxg7 16. b3 Nd6 17. Qe3 Re8 18. Rac1 e5 19. dxe6 Bxe6 20. Rxd6 cxd6 21.
Nb5 Qd8 22. Nc7 Qf6 23. Nxa8 Rxa8 24. Qd4 Rc8 25. Rxc8 Nxc8 26. Qxf6+ Kxf6 27.
Nd4 d5 28. f4 Ne7 29. Kf2 a5 30. Ke3 Bd7 31. Kd2 b6 32. Kc3 g5 33. e3 Bc8 34.
Bf3 Bb7 35. b4 axb4+ 36. Kxb4 Ba6 37. Bg4 Bc4 38. a3 Ba6 39. Bd7 Bd3 40. Kc3
Be4 41. Kb4 Bd3 42. Nc6 Nxc6+ 43. Bxc6 gxf4 44. exf4 d4 45. Bd5 Ke7 46. Bc4 Be4
47. Bf1 Bd5 48. Bd3 Be6 49. Kb5 Kf6 50. Kb4 Ke7 51. Be2 Kd6 52. g4 d3 53. Bf3
Bd5 54. Bd1 Bg2 55. Kc3 Bf1 56. h4 f6 57. Bf3 Ke6 58. Kd2 Kf7 59. Ke3 Ke6 60.
Be4 Be2 61. Bf5+ Kd6 62. g5 fxg5 63. fxg5 hxg5 64. hxg5 Ke5 65. Bxd3 Bg4 66. g6
Be6 67. Kd2 Kd4 68. Bc2 Bg8 69. Kc1 Ke5 70. Kb2 Kf6 71. Bb3 Bxb3 72. Kxb3 Kxg6
73. Kb4 1-0

[Event "Chigorin Memorial 24th"]
[Site "St Petersburg"]
[Date "2016.10.17"]
[Round "3"]
[White "Nguyen, Piotr"]
[Black "Khalifman, Alexander"]
[Result "1/2-1/2"]
[WhiteElo "2418"]
[BlackElo "2617"]
[PlyCount "88"]
[EventDate "2016.10.15"]
[EventType "swiss"]
[EventRounds "9"]
[EventCountry "RUS"]
[SourceTitle "CBM 175 Extra"]
[Source "ChessBase"]
[SourceDate "2016.12.12"]
[SourceVersion "1"]
[SourceVersionDate "2016.12.12"]
[SourceQuality "1"]

1. f4 d5 2. Nf3 Nf6 3. g3 g6 4. Bg2 Bg7 5. O-O O-O 6. d3 c5 7. Nc3 d4 8. Na4
Nbd7 9. c4 Rb8 10. Rb1 b5 11. cxb5 Rxb5 12. Bd2 Nd5 13. Rc1 Bb7 14. b3 e6 15.
Qe1 Qe7 16. Qf2 N7b6 17. Nxb6 axb6 18. Ne5 Ra8 19. Rc2 Nc3 20. Bxc3 dxc3 21. e3
Bxe5 22. fxe5 Bxg2 23. Qxg2 Rba5 24. a4 b5 25. axb5 Rb8 26. Rxc3 Raxb5 27. Qc2
Qg5 28. d4 cxd4 29. exd4 Qd8 30. Qf2 Qd7 31. Rfc1 Rxb3 32. Rc7 Qe8 33. Rf1 Rb1
34. Qxf7+ Qxf7 35. Rcxf7 Rxf1+ 36. Rxf1 Rb4 37. Rf6 Rxd4 38. Rxe6 Re4 39. Kf2
Kf7 40. Kf3 Re1 41. Rf6+ Kg7 42. Re6 Kf7 43. Rf6+ Kg7 44. Re6 Kf7 1/2-1/2

[Event "Chigorin Memorial 24th"]
[Site "St Petersburg"]
[Date "2016.10.19"]
[Round "5"]
[White "Moiseenko, Vadim"]
[Black "Khalifman, Alexander"]
[Result "1/2-1/2"]
[WhiteElo "2528"]
[BlackElo "2617"]
[PlyCount "80"]
[EventDate "2016.10.15"]
[EventType "swiss"]
[EventRounds "9"]
[EventCountry "RUS"]
[SourceTitle "CBM 175 Extra"]
[Source "ChessBase"]
[SourceDate "2016.12.12"]
[SourceVersion "1"]
[SourceVersionDate "2016.12.12"]
[SourceQuality "1"]

1. e4 e5 2. Nf3 Nc6 3. d4 exd4 4. Nxd4 Nf6 5. Nxc6 bxc6 6. e5 Qe7 7. Qe2 Nd5 8.
c4 Nb6 9. Nc3 Qe6 10. Qe4 g6 11. Bd3 Bg7 12. O-O O-O 13. Re1 Ba6 14. c5 Bxd3
15. Qxd3 Nd5 16. Nxd5 Qxd5 17. Qxd5 cxd5 18. b4 Rfe8 19. Bb2 Rab8 20. a3 a5 21.
Bc3 axb4 22. axb4 d4 23. Bxd4 Rxb4 24. Rad1 Bf8 25. g3 Rc4 26. Kg2 Bxc5 27.
Bxc5 Rxc5 28. Rxd7 Rcxe5 29. Rxe5 Rxe5 30. Rxc7 h5 31. h4 Kg7 32. Rb7 Ra5 33.
Rc7 Ra3 34. Rb7 Rc3 35. Ra7 Rb3 36. Rc7 Ra3 37. Rb7 Rc3 38. Ra7 Rb3 39. Rc7 Ra3
40. Rb7 Rc3 1/2-1/2

[Event "Chigorin Memorial 24th"]
[Site "St Petersburg"]
[Date "2016.10.21"]
[Round "7"]
[White "Shevchenko, Kirill"]
[Black "Khalifman, Alexander"]
[Result "0-1"]
[WhiteElo "2447"]
[BlackElo "2617"]
[PlyCount "107"]
[EventDate "2016.10.15"]
[EventType "swiss"]
[EventRounds "9"]
[EventCountry "RUS"]
[SourceTitle "CBM 175 Extra"]
[Source "ChessBase"]
[SourceDate "2016.12.12"]
[SourceVersion "1"]
[SourceVersionDate "2016.12.12"]
[SourceQuality "1"]

1. e4 e5 2. Nf3 Nc6 3. Bb5 a6 4. Ba4 Nf6 5. O-O Nxe4 6. d4 b5 7. Bb3 d5 8. dxe5
Be6 9. Qe2 Nc5 10. Rd1 Nxb3 11. axb3 Be7 12. c4 O-O 13. Be3 b4 14. cxd5 Bxd5
15. Rxa6 Rxa6 16. Qxa6 Qd7 17. Qb5 Rd8 18. Bc5 Bxc5 19. Qxc5 h6 20. h3 Qe6 21.
Qe3 Qf5 22. Nd4 Qg6 23. Nf3 Kh7 24. Nh4 Qc2 25. Rc1 Qxb3 26. Qxb3 Bxb3 27. Nf3
Nd4 28. Nxd4 Rxd4 29. f3 Ba2 30. Kf1 Rd5 31. f4 Rd4 32. Ke2 Re4+ 33. Kd3 Rxf4
34. Nd2 Bd5 35. g4 Rf2 36. Rxc7 Rh2 37. Rd7 Rxh3+ 38. Ke2 Rh2+ 39. Ke3 Be6 40.
Rd4 b3 41. Kf3 Rh1 42. Ne4 Re1 43. Rd3 Bxg4+ 44. Kxg4 Rxe4+ 45. Kf5 Rb4 46. Rd7
g6+ 47. Kf6 Rf4+ 48. Ke7 g5 49. Rd3 g4 50. Rxb3 h5 51. Kf8 h4 52. Rb7 g3 53. e6
g2 54. b3 0-1

[Event "Chigorin Memorial 24th"]
[Site "St Petersburg"]
[Date "2016.10.23"]
[Round "9"]
[White "Levin, Evgeny A"]
[Black "Khalifman, Alexander"]
[Result "1/2-1/2"]
[WhiteElo "2505"]
[BlackElo "2617"]
[PlyCount "21"]
[EventDate "2016.10.15"]
[EventType "swiss"]
[EventRounds "9"]
[EventCountry "RUS"]
[SourceTitle "CBM 175 Extra"]
[Source "ChessBase"]
[SourceDate "2016.12.12"]
[SourceVersion "1"]
[SourceVersionDate "2016.12.12"]
[SourceQuality "1"]

1. d4 d5 2. c4 c6 3. cxd5 cxd5 4. Nc3 Nf6 5. Nf3 Nc6 6. Bf4 a6 7. Rc1 Nh5 8.
Bd2 Nf6 9. Bf4 Nh5 10. Bd2 Nf6 11. Bf4 1/2-1/2

[Event "Puhajarve rap op 17th"]
[Site "Puhajarve"]
[Date "2016.11.25"]
[Round "6"]
[White "Khalifman, Alexander"]
[Black "Sepp, Olav"]
[Result "1-0"]
[WhiteElo "2617"]
[BlackElo "2429"]
[PlyCount "105"]
[EventDate "2016.11.25"]
[EventType "tourn (rapid)"]
[EventRounds "35"]
[EventCountry "EST"]
[SourceTitle "EXT 2018"]
[Source "ChessBase"]
[SourceDate "2017.10.13"]
[SourceVersion "1"]
[SourceVersionDate "2017.10.13"]
[SourceQuality "1"]

1. e4 e5 2. Nf3 Nc6 3. Bb5 Nf6 4. O-O Nxe4 5. Re1 Nd6 6. Nxe5 Be7 7. Bf1 Nxe5
8. Rxe5 O-O 9. d4 Bf6 10. Re2 Nf5 11. d5 d6 12. Nd2 Re8 13. Ne4 Be7 14. b3 Bf8
15. Bb2 Nh4 16. Qd3 Bf5 17. Rae1 Qd7 18. Qg3 Ng6 19. c4 a6 20. h3 b5 21. Qf3
Ne5 22. Bxe5 dxe5 23. Ng3 Bg6 24. Rxe5 Rxe5 25. Rxe5 Bd6 26. Re1 Re8 27. Rxe8+
Qxe8 28. Bd3 bxc4 29. Bxg6 hxg6 30. bxc4 Qe1+ 31. Nf1 Bc5 32. g3 Qc1 33. Qe2 a5
34. Kg2 Kh7 35. Nh2 a4 36. Nf3 a3 37. h4 f6 38. h5 gxh5 39. Nh4 g6 40. Qe4 Qg5
41. Qe8 f5 42. Qf7+ Kh6 43. Qxc7 Bxf2 44. Kxf2 Qd2+ 45. Kf3 Qd1+ 46. Kg2 Qe2+
47. Kh3 Qg4+ 48. Kh2 Qe2+ 49. Ng2 Qxa2 50. Qf4+ Kh7 51. d6 Qe2 52. d7 Qd3 53.
Qc7 1-0

[Event "Puhajarve rap op 17th"]
[Site "Puhajarve"]
[Date "2016.11.25"]
[Round "7"]
[White "Kovalenko, Igor"]
[Black "Khalifman, Alexander"]
[Result "1-0"]
[WhiteElo "2684"]
[BlackElo "2617"]
[PlyCount "109"]
[EventDate "2016.11.25"]
[EventType "tourn (rapid)"]
[EventRounds "35"]
[EventCountry "EST"]
[SourceTitle "EXT 2018"]
[Source "ChessBase"]
[SourceDate "2017.10.13"]
[SourceVersion "1"]
[SourceVersionDate "2017.10.13"]
[SourceQuality "1"]

1. c4 e6 2. Nc3 d5 3. d4 Nf6 4. cxd5 exd5 5. Bg5 Be7 6. e3 c6 7. Bd3 Bg4 8. Qb3
Qb6 9. Qc2 Bh5 10. Nge2 Bg6 11. Rb1 Bxd3 12. Qxd3 Na6 13. O-O O-O 14. Ng3 g6
15. b4 Nc7 16. b5 Qa5 17. bxc6 bxc6 18. Rb7 Rab8 19. Rfb1 Rxb7 20. Rxb7 Rc8 21.
h3 Qa3 22. Qc2 Qa6 23. Rb3 Ne6 24. Bxf6 Bxf6 25. Nf1 Rd8 26. Qb1 c5 27. Rb5
cxd4 28. Nxd5 Bg7 29. e4 Qd6 30. Qc1 Rb8 31. Qc6 Be5 32. Rxb8+ Qxb8 33. g3 d3
34. Kg2 Bd4 35. Qc1 Nc5 36. Ne7+ Kg7 37. Qg5 Kf8 38. Nd5 Kg7 39. Nfe3 Bxe3 40.
Qxe3 Qd6 41. Qd4+ f6 42. g4 h6 43. h4 d2 44. f3 Ne6 45. Qxd2 g5 46. hxg5 hxg5
47. Qe3 Nf4+ 48. Nxf4 gxf4 49. Qxa7+ Kg6 50. Qa5 Qd3 51. Qf5+ Kg7 52. Qxf4 Qc2+
53. Kg3 Qxa2 54. e5 fxe5 55. Qxe5+ 1-0

[Event "Puhajarve rap op 17th"]
[Site "Puhajarve"]
[Date "2016.11.25"]
[Round "8"]
[White "Khalifman, Alexander"]
[Black "Siemer, Tambet"]
[Result "1/2-1/2"]
[WhiteElo "2617"]
[BlackElo "1960"]
[PlyCount "119"]
[EventDate "2016.11.25"]
[EventType "tourn (rapid)"]
[EventRounds "35"]
[EventCountry "EST"]
[SourceTitle "EXT 2018"]
[Source "ChessBase"]
[SourceDate "2017.10.13"]
[SourceVersion "1"]
[SourceVersionDate "2017.10.13"]
[SourceQuality "1"]

1. d4 d5 2. Nf3 Nf6 3. g3 c6 4. Bg2 e6 5. O-O Bd6 6. c4 Nbd7 7. Qc2 O-O 8. Nbd2
Qe7 9. Rd1 Re8 10. e4 dxe4 11. Nxe4 Nxe4 12. Qxe4 e5 13. Bg5 f6 14. Be3 exd4
15. Qxe7 Bxe7 16. Bxd4 Nb6 17. b3 Bf5 18. Be3 Rad8 19. Nd4 Bc8 20. h3 Ba3 21.
Nc2 Bb2 22. Rab1 Bc3 23. Nd4 Bb4 24. Ne2 Bf5 25. Rbc1 Ba3 26. Rxd8 Rxd8 27. Re1
Bb4 28. Ra1 Ba3 29. g4 Bc2 30. Re1 Bb4 31. Rc1 Bg6 32. Nf4 Ba3 33. Re1 Bc2 34.
Ne6 Re8 35. Nd4 Bg6 36. Nf5 Bxf5 37. gxf5 Rd8 38. Bf3 Kf7 39. Bh5+ g6 40. Bg4
Bb4 41. fxg6+ hxg6 42. Rd1 Rxd1+ 43. Bxd1 Nc8 44. h4 Ke6 45. Kg2 a6 46. h5 gxh5
47. Bxh5 Nd6 48. Kf3 Nf7 49. Ke4 Nd6+ 50. Kd3 f5 51. Bf3 Nf7 52. Be2 Ne5+ 53.
Kc2 Ng4 54. Bb6 Ke5 55. f3 Nf6 56. Be3 Nd7 57. Bd3 Nc5 58. f4+ Ke6 59. Be2 Kd6
60. Bxc5+ 1/2-1/2

[Event "Puhajarve rap op 17th"]
[Site "Puhajarve"]
[Date "2016.11.26"]
[Round "10"]
[White "Khalifman, Alexander"]
[Black "Ladva, Ottomar"]
[Result "1/2-1/2"]
[WhiteElo "2617"]
[BlackElo "2510"]
[PlyCount "31"]
[EventDate "2016.11.25"]
[EventType "tourn (rapid)"]
[EventRounds "35"]
[EventCountry "EST"]
[SourceTitle "EXT 2018"]
[Source "ChessBase"]
[SourceDate "2017.10.13"]
[SourceVersion "1"]
[SourceVersionDate "2017.10.13"]
[SourceQuality "1"]

1. d4 Nf6 2. Nf3 e6 3. g3 b5 4. Bg2 Bb7 5. O-O c5 6. Bg5 Be7 7. dxc5 Bxc5 8.
Qd3 a6 9. Nbd2 d5 10. e4 dxe4 11. Qxd8+ Kxd8 12. Ne5 Ke7 13. Nxe4 Bxe4 14. Bxe4
Ra7 15. Nd3 Bd6 16. Bg2 1/2-1/2

[Event "Puhajarve rap op 17th"]
[Site "Puhajarve"]
[Date "2016.11.26"]
[Round "12"]
[White "Khalifman, Alexander"]
[Black "Valgmae, Toomas"]
[Result "1-0"]
[WhiteElo "2617"]
[BlackElo "2270"]
[PlyCount "65"]
[EventDate "2016.11.25"]
[EventType "tourn (rapid)"]
[EventRounds "35"]
[EventCountry "EST"]
[SourceTitle "EXT 2018"]
[Source "ChessBase"]
[SourceDate "2017.10.13"]
[SourceVersion "1"]
[SourceVersionDate "2017.10.13"]
[SourceQuality "1"]

1. d4 d5 2. c4 c6 3. Nc3 Nf6 4. e3 e6 5. Nf3 Nbd7 6. Bd3 dxc4 7. Bxc4 b5 8. Bd3
a6 9. e4 Bb7 10. e5 Nd5 11. Nxd5 cxd5 12. O-O Be7 13. Bf4 O-O 14. Qd2 Re8 15.
g3 h6 16. h4 Nf8 17. Bxh6 gxh6 18. Qxh6 f5 19. g4 f4 20. Qxf4 Bb4 21. g5 Qe7
22. Nh2 Qf7 23. Qg3 Bd2 24. f4 Ng6 25. Ng4 Kh8 26. f5 exf5 27. Rxf5 Qg7 28. Rf6
Rg8 29. Rxg6 Qxg6 30. Bxg6 Rxg6 31. Rf1 Bc8 32. Rf8+ Kg7 33. Qf2 1-0

[Event "Puhajarve rap op 17th"]
[Site "Puhajarve"]
[Date "2016.11.26"]
[Round "13"]
[White "Blomqvist, Erik"]
[Black "Khalifman, Alexander"]
[Result "0-1"]
[WhiteElo "2567"]
[BlackElo "2617"]
[PlyCount "78"]
[EventDate "2016.11.25"]
[EventType "tourn (rapid)"]
[EventRounds "35"]
[EventCountry "EST"]
[SourceTitle "EXT 2018"]
[Source "ChessBase"]
[SourceDate "2017.10.13"]
[SourceVersion "1"]
[SourceVersionDate "2017.10.13"]
[SourceQuality "1"]

1. Nf3 Nf6 2. g3 g6 3. Bg2 Bg7 4. O-O O-O 5. d4 d5 6. Nbd2 c6 7. b3 a5 8. c4 a4
9. Ba3 Re8 10. e3 Bf5 11. Qe2 Qa5 12. b4 Qa6 13. b5 cxb5 14. cxb5 Qa5 15. Rfc1
Nbd7 16. Nh4 Bg4 17. f3 Be6 18. Bf1 g5 19. Ng2 Bf5 20. e4 dxe4 21. fxe4 Bg6 22.
Rab1 Qb6 23. Bc5 Nxc5 24. dxc5 Qe6 25. Rc4 Nd7 26. Ne3 Ne5 27. Rc2 g4 28. Bg2
Red8 29. Rf1 Nf3+ 30. Nxf3 gxf3 31. Qxf3 Rd3 32. Kh1 Bd4 33. Re2 Bxc5 34. e5
Qxe5 35. Qxb7 Rad8 36. Rfe1 Rxe3 37. Rxe3 Bxe3 38. Qf3 Rd3 39. b6 Qc3 0-1

[Event "Puhajarve rap op 17th"]
[Site "Puhajarve"]
[Date "2016.11.26"]
[Round "18"]
[White "Khalifman, Alexander"]
[Black "Leito, Priit"]
[Result "1/2-1/2"]
[WhiteElo "2617"]
[BlackElo "2333"]
[PlyCount "27"]
[EventDate "2016.11.25"]
[EventType "tourn (rapid)"]
[EventRounds "35"]
[EventCountry "EST"]
[SourceTitle "EXT 2018"]
[Source "ChessBase"]
[SourceDate "2017.10.13"]
[SourceVersion "1"]
[SourceVersionDate "2017.10.13"]
[SourceQuality "1"]

1. d4 d5 2. c4 e6 3. Nf3 c5 4. cxd5 exd5 5. Bg5 Be7 6. Bxe7 Nxe7 7. dxc5 Qa5+
8. Qd2 Qxc5 9. Qc3 Qxc3+ 10. Nxc3 Bg4 11. Rd1 Nbc6 12. e3 Bxf3 13. gxf3 O-O-O
14. Nb5 1/2-1/2